Państwa graniczące z Rosją - Statystyki

Ogólne statystyki
  • Ten quiz został rozwiązany 27 razy
  • Średni wynik to 13 z 14
Statystyki odpowiedzi
Odpowiedź % Poprawnych
Białoruś
100%
Polska
100%
Gruzja
96%
Ukraina
96%
Chiny
92%
Finlandia
92%
Litwa
92%
Łotwa
92%
Estonia
88%
Kazachstan
88%
Mongolia
85%
Azerbejdżan
81%
Korea Północna
77%
Norwegia
69%
Nie znaleziono quizów pasujących do podanych kryteriów
Rozkład punktacji
Procent ludzi z każdym wynikiem
Percentyl według liczby udzielonych odpowiedzi
Twoja historia wyników
Nie rozwiązałeś tego quizu